[Event "Agosto de Victorias-B 4th"]
[Site "Havana"]
[Date "2010.08.10"]
[Round "8"]
[White "Diaz, Juan Y"]
[Black "Corrales Jimenez, Zenia"]
[Result "1/2-1/2"]
[WhiteElo "1976"]
[BlackElo "2159"]
[PlyCount "127"]
[EventDate "2010.08.02"]
[EventType "tourn"]
[EventRounds "10"]
[EventCountry "CUB"]
[SourceTitle "EXT 2012"]
[Source "ChessBase"]
[SourceDate "2011.11.24"]
[SourceVersion "1"]
[SourceVersionDate "2011.11.24"]
[SourceQuality "1"]

1. e4 c5 2. Nf3 Nc6 3. d4 cxd4 4. Nxd4 g6 5. Nc3 Bg7 6. Be3 Nf6 7. Bc4 d6 8. f3 0-0 9. Qd2 Bd7 10. 0-0-0 Rc8 11. Bb3 Nxd4 12. Bxd4 b5 13. Kb1 a5 14. a4 b4 15. Nb5 Qe8 16. Qd3 Rb8 17. Bc4 Bc6 18. b3 Nd7 19. Bxg7 Kxg7 20. Nc7 Qd8 21. Nd5 Kg8 22. f4 e6 23. Ne3 Nf6 24. Qxd6 Qb6 25. Qd4 Nxe4 26. Qxb6 Rxb6 27. Rd4 Rbb8 28. Kb2 Nc3 29. Nd1 Bxg2 30. Rg1 Nxd1+ 31. Rgxd1 Bc6 32. Rd6 Rfc8 33. Ba6 Rc7 34. Rd8+ Rxd8 35. Rxd8+ Kg7 36. Bd3 Kf6 37. Rb8 e5 38. Rb6 Ke6 39. fxe5 Kxe5 40. Ra6 f5 41. Rxa5+ Kd4 42. Ra6 f4 43. Rb6 Kc5 44. Rb8 f3 45. c3 Rb7 46. Rf8 Re7 47. cxb4+ Kxb4 48. Rf4+ Kc5 49. Kc3 Bd5 50. b4+ Kd6 51. Kd4 Rb7 52. b5 Ra7 53. Ke3 Kc5 54. h4 Re7+ 55. Kf2 Ra7 56. Ke3 Ra8 57. Be4 Rxa4 58. Bxd5 Rxf4 59. Kxf4 Kxd5 60. Kxf3 h6 61. Kf4 Kc5 62. Ke5 g5 63. hxg5 hxg5 64. Kf5 1/2-1/2

[Event "Agosto de Victorias-B 4th"]
[Site "Havana"]
[Date "2010.08.08"]
[Round "6"]
[White "Diaz, Juan Y"]
[Black "Catala Matienzo, Ivette"]
[Result "0-1"]
[WhiteElo "1976"]
[BlackElo "2159"]
[PlyCount "104"]
[EventDate "2010.08.02"]
[EventType "tourn"]
[EventRounds "10"]
[EventCountry "CUB"]
[SourceTitle "EXT 2012"]
[Source "ChessBase"]
[SourceDate "2011.11.24"]
[SourceVersion "1"]
[SourceVersionDate "2011.11.24"]
[SourceQuality "1"]

1. e4 c5 2. Nf3 e6 3. d4 cxd4 4. Nxd4 Nf6 5. Nc3 Nc6 6. Be2 Bb4 7. Nxc6 bxc6 8. Bg5 h6 9. Bxf6 Qxf6 10. Qd2 0-0 11. 0-0 d5 12. exd5 cxd5 13. Qd3 a5 14. Qg3 Bb7 15. Qc7 Rab8 16. Nd1 Rfc8 17. Qg3 e5 18. c3 Bd6 19. Ne3 Re8 20. Rfd1 Rbd8 21. Ng4 Qg6 22. Ne3 Qf6 23. Ng4 Qf4 24. Ne3 Bb8 25. Bb5 Qxg3 26. hxg3 Re6 27. Rd2 g6 28. Rad1 Red6 29. Ng4 Kg7 30. a4 e4 31. Ne3 Bc7 32. b3 Kf6 33. Kf1 h5 34. Nc2 Bb6 35. Nd4 Ke5 36. f4+ Kf6 37. Ke2 Rc8 38. c4 dxc4 39. Bxc4 e3 40. Kxe3 Re8+ 41. Kf2 Re4 42. Kf1 Rexd4 43. Rxd4 Rxd4 44. Re1 Rd2 45. Re5 Bxg2+ 46. Ke1 Rb2 47. Re8 Bc5 48. f5 gxf5 49. Rh8 Bf3 50. Rh7 Bf2+ 51. Kf1 Bxg3 52. Rxf7+ Kg6 0-1